Pays qui l'appellent « Soccer » - Statistiques

Statistiques générales
  • Ce quiz a été pris 583 fois
  • Le résultat moyen est 13 sur 23
Statistiques - réponses
Continent Name Réponse % Correct
N Soccer Etats-Unis
97%
N Soccer Canada
96%
O Soccer Australie
85%
As サッカー Japon
79%
O Soccer Nouvelle-Zélande
78%
Af Soccer/Sokker Afrique du Sud
71%
O Soka Fidji
64%
O Soka Tonga
56%
O Soka Samoa
54%
O Soka Tuvalu
53%
O Soka Vanuatu
53%
O Soccer Îles Marshall
50%
O Soccer Micronésie
50%
O Soccer Nauru
49%
O Soka Papouasie-Nouvelle-Guinée
49%
O Soka Kiribati
48%
O Soccer Palaos
47%
O Soka Salomon
47%
Af Soccer Namibie
37%
Af Soccer Zimbabwe
32%
E Soccer/Sacar Irlande
31%
Af Soccer Botswana
30%
As Soccer/Saker Philippines
27%
Aucun quiz correspondant
Distribution des résultats
% des personnes avec chaque résultat
Percentile par nombre de réponses
Votre historique - résultats
Vous n’avez pas pris ce quiz